[Event "Sunningdale e2e4 op U2000 07"]
[Site "Sunningdale"]
[Date "2013.07.07"]
[Round "4"]
[White "Hill, Luke"]
[Black "Nyman, John CH"]
[Result "1-0"]
[WhiteElo "1898"]
[BlackElo "1830"]
[PlyCount "40"]
[EventDate "2013.07.05"]
[EventType "swiss"]
[EventRounds "7"]
[EventCountry "ENG"]
[SourceTitle "EXT 2014"]
[Source "ChessBase"]
[SourceDate "2013.11.20"]
[SourceVersion "1"]
[SourceVersionDate "2013.11.20"]
[SourceQuality "1"]

1. e4 e5 2. Nf3 d6 3. d4 exd4 4. Qxd4 Nc6 5. Bb5 Bd7 6. Bxc6 Bxc6 7. Nc3 Nf6 8. Bg5 Be7 9. 0-0-0 0-0 10. g4 Nd7 11. h4 Nc5 12. Nd5 Bxg5+ 13. Nxg5 Ne6 14. Qd2 Re8 15. f4 f6 16. Nxe6 Rxe6 17. g5 fxg5 18. hxg5 Rg6 19. Rh5 h6 20. Rdh1 Kh7 1-0